000 01417cam a2200193 4500500
005 20260405000344.0
041 _afre
042 _adc
100 1 0 _aAventur, François
_eauthor
700 1 0 _aBerhili, Saad-Ellah
_eauthor
700 1 0 _aChamkhi, Amine
_eauthor
700 1 0 _aVerdier, Éric
_eauthor
245 0 0 _aLa formación continua en las empresas marroquíes del sector formal: Prácticas a menudo limitadas y políticas públicas ambiciosas pero obstaculizadas
260 _c2026.
500 _a64
520 _aEl análisis de la encuesta realizada a una muestra representativa de empresas del sector formal marroquí muestra que el recurso a la formación continua de su personal es, en promedio, muy limitado y cuenta con pocos recursos. Se están produciendo fuertes desigualdades, que benefician a las grandes empresas y al personal más calificado. Las empresas que se inscriben en una lógica de mercado interno de empleo y en una estrategia económica dinámica son también las que más forman. Estos resultados ponen de manifiesto las deficiencias estructurales de un sistema institucional que debería promover un desarrollo más intenso, más cualificado y más igualitario de la formación continua.
786 0 _nFormation emploi | - | 1 | 2026-02-04 | p. 110-134 | 0759-6340
856 4 1 _uhttps://shs.cairn.info/revista-formation-emploi-2026-1-page-110?lang=es&redirect-ssocas=7080
999 _c2036285
_d2036285